LIBRARY & INFORMATION CENTRE, KCAET, TAVANUR

ONLINE PUBLIC ACCESS CATALOGUE (OPAC)

The saurus construction and use: A practical manual / (Record no. 8006)

MARC details
000 -LEADER
fixed length control field 00500cam a2200181ua 4500
041 ## - LANGUAGE CODE
Language code of text/sound track or separate title eng
082 ## - DEWEY DECIMAL CLASSIFICATION NUMBER
Classification number 025.49
Item number AIT/TH
100 ## - MAIN ENTRY--AUTHOR NAME
Personal name Aitchison, Jean .
245 ## - TITLE STATEMENT
Title The saurus construction and use: A practical manual /
250 ## - EDITION STATEMENT
Edition statement 3 /
260 ## - PUBLICATION, DISTRIBUTION, ETC. (IMPRINT)
Place of publication London :
Name of publisher The Association for information Mgt ,
Year of publication 1997.
300 ## - PHYSICAL DESCRIPTION
Number of Pages 212 ; .
700 1# - ADDED ENTRY--PERSONAL NAME
Personal name Bawden, David .
700 1# - ADDED ENTRY--PERSONAL NAME
Personal name Gilchrist, Alan .
942 ## - ADDED ENTRY ELEMENTS (KOHA)
Koha item type Books
Holdings
Withdrawn status Lost status Damaged status Home library Current library Date acquired Full call number Accession Number Koha item type
      KAUAET   07/04/2012 025.49 20107 Books
free website counter